| 000 | 02728nam0a2200421 4500 | ||
|---|---|---|---|
| 001 | RU\NLR\BIBL_A\021969797 | ||
| 005 | 20260629063123.0 | ||
| 010 |
_a978-5-00128-952-4 _9100 |
||
| 021 |
_aRU _bКН-П-23-034554 _9КН-П-23-3421 |
||
| 035 | _a(NLR Aleph) 021969797 | ||
| 035 | _a(RuMoRGB)011813560 | ||
| 090 |
_a12356380 _c12356380 |
||
| 100 | _a20230628d2022 k y0rusy50 ca | ||
| 101 | 0 |
_arus _deng |
|
| 102 | _aRU | ||
| 105 | _aab||z|||1||z| | ||
| 181 | 1 |
_ai3 _baxxe |
|
| 182 | 1 | _an | |
| 200 | 1 |
_aНефтегазовое дело, техносферная безопасность, рациональное природопользование: современные реалии _eматериалы IV всероссийской научно-практической конференции, 30 ноября - 1 декабря 2021 года _fМинистерство науки и высшего образования РФ, ФГБОУ ВО "Дагестанский государственный технический университет" _gредакционная коллегия: Магомедов М. Р., к. т. н. [и др.] |
|
| 203 |
_aТекст _bвизуальный _cнепосредственный |
||
| 210 |
_aМахачкала _cАЛЕФ _d2022 |
||
| 215 |
_a286 с. _cил., карт., табл. _d21 |
||
| 313 | _aПо пред. изд. | ||
| 320 | _aБиблиогр. в конце ст. и в тексте | ||
| 606 |
_aЕстественные газы _xДобыча _jСъезды, совещания и т.п _3RU\NLR\AUTH\66232359 _91319948 |
||
| 606 | 1 |
_aНефть _jСъезды, совещания и т.п _xДобыча _91080697 _3RU\NLR\AUTH\66422365 |
|
| 606 | 1 |
_aТехносфера _jСъезды, совещания и т.п _xБезопасность жизнедеятельности _92288557 _3RU\NLR\AUTH\661370734 |
|
| 675 |
_a502/504:622.32(082) _v4 |
||
| 686 | 1 | _aИ36я431(2) | |
| 686 | 1 | _aЦ69,5(0)0я431(2) | |
| 702 | 1 |
_aМагомедов _bМ. Р. _4340 |
|
| 711 | 1 | 2 |
_a"Нефтегазовое дело, техносферная безопасность, рациональное природопользование: современные реалии", всероссийская научно-практическая конференция _d4 _eМахачкала _f2021 _9854166 _3RU\NLR\AUTH\880594298 |
| 712 | 0 | 2 |
_4570 _aДагестанский государственный технический университет _cМахачкала _9460060 _3RU\NLR\AUTH\889982052 |
| 942 | _cBOOK | ||
| 980 | _aNB | ||